000 00370nam a22001337a 4500
040 _cNUST
082 _a891.439,MAS
100 _aMasood, Anwar
_914777
245 _aMeli Meli Dhop / میلی میلی دھوپ (Urdu) /
_cAnwar Masood
260 _aIslamabad
_bDost Publications
_c2010
300 _a141 p.;
650 _aUrdu literature
942 _2ddc
_cBK
_k891.439,MAS
999 _c593594
_d593594